000
00240nam a2200097Ia 4500
001
780857
005
20250826170133.0
008
250824s9999 xx 000 0 und d
245
0
_a
AKŞAM TOPLANTILARI
_c
GOGOL
260
_b
İŞ BANKASI YAYINLARI
999
_c
780857
_d
780857